000 01105nam0a22002411 4500
001 rc\507401
005 20260407150808.0
035 _a(NLR Aleph) 005747815
090 _a4807582
_c4807582
100 _a20030616d1987 |||y0rusy50 ca
101 0 _arus
102 _aRU
105 _ay |||||||||
200 1 _aГосударственный надзор за стандартами и средствами измерений. Порядок проведения проверок внедрения и соблюдения стандартов системы СИБИД
_eМетод. рекомендации
_fВНИИКИ
_g[Подготовили С.С. Рошаль, Н.Н. Второва]
210 _aМ.
_cВНИИКИ
_d1987
215 _a12 с.
_d22
702 1 _aРошаль
_bС.С.
_gСветлана Сергеевна
_4570
712 0 2 _aВНИИ технической информации, классификации и кодирования
_3RU\NLR\AUTH\8810025845
_9549921
801 0 _aRU
_bNLR
_gpsbo
801 1 _aRU
_bELAR
_2rusmarc
852 _aNLR
_j87-6/1927
942 _cBOOK
980 _aNB